100 Cities by Letter - D - Statistics

General Stats
  • This quiz has been taken 2,889 times
  • The average score is 42 of 100
Answer Stats
Hint City % Correct
Site of world's tallest building Dubai
97%
John F. Kennedy assassination site Dallas
94%
Capital of Bangladesh Dhaka
94%
"Baile Átha Cliath" is its native name Dublin
92%
The Mile-High City Denver
89%
English town with white cliffs Dover
88%
German city firebombed in WWII Dresden
88%
French city famous for mustard Dijon
86%
City policed by Robocop Detroit
85%
French site of British evacuation in WWII Dunkirk
83%
Often paired with Cologne Düsseldorf
82%
This city was Tanzania's capital ... Dar es Salaam
80%
Umayyad capital between 661–750 Damascus
79%
Walled city of southern Croatia Dubrovnik
78%
Asia's southernmost national capital Dili
75%
... before this one replaced in 1996 Dodoma
75%
Former terminus of a famous rally Dakar
71%
The Lotus Temple is located here Delhi
71%
Where BVB football club is based Dortmund
70%
Scottish city on the Firth of Tay Dundee
69%
Al Jazeera headquarters Doha
68%
Tallest Alaskan mountain namesake Denali Park
67%
Largest city in western Panama thatis named for a Biblical king David
64%
Namesake of Ukraine's longest river Dnipro
64%
Capital of Northern Territory Darwin
62%
Bosnian peace accords Dayton
62%
Swiss ski town which hosts theWorld Economic Forum Davos
61%
Capital of Bali Denpasar
60%
English city or a type of horse race Derby
60%
Walled city in Northern Ireland Derry
59%
Unofficial capital of Donbas Donetsk
59%
Site of the first caucuses of the U.S. presidential primary cycle Des Moines
58%
Where the oracle of Apollo is found Delphi
57%
City in southern Metro Vancouveror an American airline Delta
56%
Floridan NASCAR speedway site Daytona Beach
54%
Biggest city in central Vietnam Da Nang
53%
The epicenter of the Covid pandemic in South Korea Daegu
52%
"Chester" city in Dorset, England Dorchester
52%
Biggest city in Cameroon Douala
52%
Duke University campus Durham
51%
Oldest McDonald's restaurant localeor the Ironman actor Downey
49%
Minnesota city on Lake Superior Duluth
49%
Namesake of a famous tea Darjeeling
48%
Shaka King International Airport Durban
47%
Largest city on Mindanao Davao
45%
New Zealand's oldest university site Dunedin
44%
Capital of the Isle of Man Douglas
43%
Russia controlled this Chinesecity between 1898–1905 Dalian
42%
Touristy town in Devon, Englandor an Ivy League college Dartmouth
42%
Floridan city or Miami's county Dade City
41%
Largest Hungarian city in the 18th century Debrecen
40%
Largest Albanian coastal city Durrës
39%
"Dramatic" Greek city in Macedonia Drama
38%
Saudi port on the Persian Gulf Dammam
37%
Second most populous in Latvia Daugavpils
35%
Europe's largest inland port Duisburg
35%
Persian for "Monday" Dushanbe
34%
Capital and namesake of a mountainous state of Central Mexico Durango
33%
Suburb of the above where manyArab-Americans call home Dearborn
32%
Andalusian city whose nameliterally means "two sisters" Dos Hermanas
32%
Largest of Iowa's "Quad Cities" Davenport
30%
South Korean city that was site of a massacre in 1950 Daejeon
29%
Cattle drives often ended in this Kansas frontier town Dodge City
28%
Hosts the oldest of Britain's five Classic horse races Doncaster
27%
Northernmost Irish county namesake Donegal
26%
Between Guangzhou and Shenzhen Dongguan
26%
Largest city on the Gulf of Tadjoura Djibouti
25%
Indian city that forms a union territory with Dui Daman
21%
Major city Greater Oslo region Drammen
21%
European Space Agency's mainmission control is in this German city Darmstadt
20%
Johannes Vermeer's hometown Delft
20%
Coastal city in Basque Country Donostia
20%
Just south of San Francisco Daly City
18%
Klondike gold rush city in Yukon Dawson City
18%
University of North Texas Denton
18%
Biggest Turkish city on Tigris Diyarbakır
18%
Iowan city with a shot tower Dubuque
15%
Chartered Ethiopian city Dire Dawa
14%
"Hat City" of Connecticut Danbury
13%
Market town in northern Englandfull of "lovely" people Darlington
13%
Quebecois city that starts with the word "Drum" Drummondville
13%
Turkish city located near a famouswhite thermal spring Denizli
12%
This Alabaman city is "The Peanut Capital of the World" Dothan
11%
Scottish capital in the Middle Ages Dunfermline
11%
Major Egyptian city in the Nile Delta Damietta
10%
Second-largest city in Shanxi, China Datong
10%
Malian town of a "Great Mosque"that is made of adobe Djenné
10%
Largest city in Uttarakhand, India Dehradun
9%
"Coal capital of India" in Jharkhand Dhanbad
9%
Site of a climactic battle in theFirst Indochina War Điện Biên Phủ
9%
Most populous town in Ireland Drogheda
9%
City in Western Sahara or an Egyptian oasis Dakhla
8%
Second-most populous suburb of Rio metropolitan area Duque de Caxias
8%
City in Georgia that calls itselfthe "Carpet Capital of the World" Dalton
7%
Largest city in eastern Syria Deir ez-Zor
7%
Indian city that gave name to a type of expanding bullet Dum Dum
7%
Himachal Pradesh's winter capital Dharamshala
5%
Capital of Assam, India Dispur
5%
Largest city in Nagaland, India Dimapur
4%
Iranian city that is "full of diesel" Dezful
3%
No matching quizzes found
Score Distribution
Percent of People with Each Score
Percentile by Number Answered
Your Score History
You have not taken this quiz